Central Library OPAC University of Rajshahi

Ramayana: myth or reality / (Record no. 32202)

MARC details
000 -LEADER
fixed length control field 00744cam a2200253 4500
001 - CONTROL NUMBER
control field 32202
003 - CONTROL NUMBER IDENTIFIER
rucl marc code BD-RjUL
005 - DATE AND TIME OF LATEST TRANSACTION
control field 20211209051813.0
008 - FIXED-LENGTH DATA ELEMENTS--GENERAL INFORMATION
fixed length control field 140424s1973 ii ab b 001 0 eng
035 ## - SYSTEM CONTROL NUMBER
System control number (BD-RjUL)32291
040 ## - CATALOGING SOURCE
Original cataloging agency DLC
Transcribing agency DLC
Modifying agency BD-RjUL
Language of cataloging eng
041 ## - LANGUAGE CODE
Language code of text/sound track or separate title eng
082 00 - DEWEY DECIMAL CLASSIFICATION NUMBER
Classification number 294.5922
Author mark and year SAR 1973
100 1# - MAIN ENTRY--PERSONAL NAME
Personal name Sankalia, Hasmukhlal Dhirajlal.
9 (RLIN) 70288
245 10 - TITLE STATEMENT
Title Ramayana: myth or reality /
Statement of responsibility, etc. by H. D. Sankalia.
260 ## - PUBLICATION, DISTRIBUTION, ETC. (IMPRINT)
Place of publication, distribution, etc. New Delhi :
Name of publisher, distributor, etc. People's Pub. House ,
Date of publication, distribution, etc. 1973
300 ## - PHYSICAL DESCRIPTION
Pagination vi, 86 p. :
Illustrations illus., map. ;
Size 22 cm.
504 ## - BIBLIOGRAPHY, ETC. NOTE
Bibliography, etc Bibliography: p. [79]-80.
600 00 - SUBJECT ADDED ENTRY--PERSONAL NAME
Personal name Vālmīki.
942 ## - ADDED ENTRY ELEMENTS (KOHA)
Source of classification or shelving scheme Dewey Decimal Classification
Koha item type Books
Holdings
Lost status Source of classification or shelving scheme Damaged status Not for loan Collection code Permanent Location Current Location Shelving location Date acquired Source of acquisition Cost, normal purchase price Total Checkouts Full call number Date last seen Copy number Koha item type
  Dewey Decimal Classification   Not For Loan Non-fiction Central Library, University of Rajshahi Central Library, University of Rajshahi Reading Room 22/04/1976 Bangli & calcutta 15.00   294.5922 SAR 1973 24/04/2014 C-1 Books